| 000 | 00342nam a2200133Ia 4500 | ||
|---|---|---|---|
| 008 | 240624s9999 xx 000 0 und d | ||
| 041 | _aeng | ||
| 082 | _a658.3124 ATW | ||
| 100 | _aATWOOD CHRISTEE GABOUR | ||
| 245 | _aMANAGERS SKILLS TRAINING | ||
| 260 |
_c2008 _aVirginia _bASTD Press |
||
| 300 | _ax, : 274 : p. : cm. ; 27 | ||
| 365 |
_c _b25 |
||
| 999 |
_c16760 _d16760 |
||